Balonla beş hafta / (Record no. 20889)

MARC details
000 -BAŞLIK
Sabit Uzunluktaki Kontrol Alanı 00662nam a22002177a 4500
003 - KONTROL NUMARASI KİMLİĞİ
Kontrol Alanı koha_MIRAKIL
005 - EN SON İŞLEM TARİHİ ve ZAMANI
Kontrol Alanı 20241017090356.0
008 - SABİT UZUNLUKTAKİ VERİ ÖGELERİ - GENEL BİLGİ
Sabit Alan 231213b |||||||| |||| 00| 0 ||| d
020 ## - ISBN - ULUSLARARASI STANDART KİTAP NUMARASI
Isbn 9786052951439
040 ## - KATALOGLAMA KAYNAĞI
Özgün Kataloglama Kurumu TR-IsEVY
Kataloglama Dili tur
Çeviri Kurumu TR-IsEVY
041 ## - DİL KODU
Metin ya da ses kaydının dil kodu tur
082 ## - DEWEY ONU SINIFLAMA SİSTEMİ
Sınıflama Numarası FIC VER/B
100 1# - KİŞİ ADI
Yazar Adı (Kişi adı) Verne, Jules
245 #0 - ESER ADI BİLDİRİMİ
Başlık Balonla beş hafta /
Sorumluluk Bildirimi Jules Verne.
250 ## - BASIM BİLDİRİMİ
Basım Bildirimi 14. bs.
260 ## - YAYIN, DAĞITIM, VB.
Yayınevi Türkiye İş Bankası Kültür Yayınları,
Yayın Tarihi 2022.
Yayın Yeri İstanbul :
300 ## - FİZİKSEL TANIMLAMA
Sayfa, Cilt vb. 133 s. :
Diğer fiziki detaylar resimli ;
Boyutları 20 cm.
500 ## - GENEL NOT
Genel Not Kısaltılmış İş Çocuk Klasikleri.
650 ## - KONU BAŞLIĞI EK GİRİŞ - KONU TERİMİ
Konusal terim veya coğrafi ad Çocuk Edebiyatı.
Alt başlık biçimi Çocuk Romanları.
-- Çocuk Klasikleri.
942 ## - EK GİRİŞ ÖGELERİ (KOHA)
Source of classification or shelving scheme Dewey Decimal Classification
Koha item type Kitap
Holdings
Kayıp Durumu Sınıflandırma Kaynağı Hasarlı Durumu Koleksiyon Kodu Kalıcı Konum Mevcut Konum Kayıt Tarih Edinim Kaynağı Toplam Ödünçverme Yer Numarası Demirbaş Numarası Çıkış Durumu Son Görülme Tarihi Son Kontrol Tarihi Fatura Tarihi Materyal Türü
  Dewey Decimal Classification   İlkokul İLKOKUL KÜTÜPHANESİ İLKOKUL KÜTÜPHANESİ 17/10/2024 Satınalma 1 FIC VER/B 22035 25/09/2025 11/09/2025 11/09/2025 17/10/2024 Kitap